00530nmm a2200193Ia 4500008004100000020001800041041000800059100001700067245002100084264004900105300001800154490001900172650002900191700001700220700002400237856005100261942000700312999001700319251105s9999||||xx |||||||||||||||||und|| a9788489846012 aspa aJames, Henry 0aLos periódicos a[Madrid, España] :bAlba Editorial, c2017 a144 páginas aAlba Clásica aNorth American narrative aJames, Henry1 a Lorenzo, Guillermo uhttps://public.digitaliapublishing.com/a/48926 cCF c67162d67162